000 00757nam a2200253Ia 4500
003 OSt
005 20220923211153.0
006 a|||||r|||| 00| 0
007 ta
008 Pun
020 _a8187654295 (hbk)
_c300
024 _a282,570
037 _b868, 14/08/2014, H.K. Prakashan
_cTextual
040 _aARTS
_cARTS
_bPun
041 _2Pun
_aPun
082 _aO153,1NVAx, Q4
100 _aਵਨੀਤਾ
_9159108
245 0 _aਬੋਲ ਅਲਾਪ
260 _aਦਿੱਲੀ
_b ਮਨਪ੍ਰੀਤ਼ ਪ੍ਰਕਾFਨ
_c2014
300 _a134ਪੰ
_ccm.
650 _aਪੰਜਾਬੀ ਸਾਹਿਤ
942 _hO153,1NVAx, Q4
_cTEXL
_2CC
999 _c296304
_d296304